[Event "World Chess Olympiad 2018"]
[Site "Batumi"]
[Date "2018.10.03"]
[Round "9"]
[Board "3"]
[WhiteFideId "15002187"]
[White "Pancevski Filip"]
[BlackFideId "13000071"]
[Black "Myo Naing"]
[Result "1-0"]
[LiveChessVersion "1.4.8"]
[BlackElo "2327"]
[WhiteElo "2489"]

1. c4 {[%clk 1:30:57]} Nf6 {[%clk 1:30:31]} 2. g3 {[%clk 1:31:22]} c6
{[%clk 1:30:34]} 3. Bg2 {[%clk 1:31:43]} d5 {[%clk 1:30:58]} 4. Nf3
{[%clk 1:32:11]} e6 {[%clk 1:30:53]} 5. b3 {[%clk 1:32:35]} Nbd7 {[%clk 1:30:05]}
6. Bb2 {[%clk 1:32:59]} Be7 {[%clk 1:30:14]} 7. O-O {[%clk 1:33:21]} O-O
{[%clk 1:30:40]} 8. Qc2 {[%clk 1:33:50]} b6 {[%clk 1:30:32]} 9. d3
{[%clk 1:34:11]} Bb7 {[%clk 1:30:44]} 10. e4 {[%clk 1:33:13]} c5 {[%clk 1:29:06]}
11. e5 {[%clk 1:23:59]} Ne8 {[%clk 1:29:04]} 12. Re1 {[%clk 1:24:28]} d4
{[%clk 1:27:26]} 13. Nbd2 {[%clk 1:24:44]} Qc7 {[%clk 1:27:15]} 14. h4
{[%clk 1:24:39]} g6 {[%clk 1:25:26]} 15. Bc1 {[%clk 1:12:54]} Ng7
{[%clk 1:22:43]} 16. Ne4 {[%clk 1:02:39]} Rae8 {[%clk 1:04:30]} 17. Bf4
{[%clk 1:02:13]} Qc8 {[%clk 1:04:48]} 18. Bg5 {[%clk 1:01:10]} Qa8
{[%clk 0:58:07]} 19. Bh3 {[%clk 0:49:14]} f6 {[%clk 0:52:31]} 20. exf6
{[%clk 0:48:58]} Nxf6 {[%clk 0:48:20]} 21. Bxf6 {[%clk 0:48:54]} Bxf6
{[%clk 0:48:30]} 22. Qe2 {[%clk 0:46:05]} Bxe4 {[%clk 0:41:16]} 23. Qxe4
{[%clk 0:46:28]} Qxe4 {[%clk 0:41:40]} 24. Rxe4 {[%clk 0:46:53]} Bd8
{[%clk 0:39:27]} 25. Kg2 {[%clk 0:46:52]} Bc7 {[%clk 0:29:59]} 26. Rae1
{[%clk 0:46:54]} Rf6 {[%clk 0:29:41]} 27. R4e2 {[%clk 0:44:20]} h6
{[%clk 0:28:28]} 28. a3 {[%clk 0:42:22]} a5 {[%clk 0:27:00]} 29. Nh2
{[%clk 0:37:18]} Kh7 {[%clk 0:25:18]} 30. Kg1 {[%clk 0:37:40]} Bd6
{[%clk 0:23:04]} 31. Bg2 {[%clk 0:36:51]} Re7 {[%clk 0:17:59]} 32. Nf3
{[%clk 0:36:07]} a4 {[%clk 0:16:30]} 33. Nd2 {[%clk 0:36:28]} Rff7
{[%clk 0:13:26]} 34. Ne4 {[%clk 0:34:55]} Rd7 {[%clk 0:10:42]} 35. bxa4
{[%clk 0:29:29]} Bf8 {[%clk 0:11:06]} 36. a5 {[%clk 0:26:15]} bxa5
{[%clk 0:11:06]} 37. Rb2 {[%clk 0:26:35]} Nf5 {[%clk 0:09:41]} 38. Rb5
{[%clk 0:26:09]} Rc7 {[%clk 0:08:34]} 39. a4 {[%clk 0:25:42]} Kg7
{[%clk 0:08:25]} 40. Reb1 {[%clk 0:54:08]} Nd6 {[%clk 0:38:01]} 41. Nxd6
{[%clk 0:52:06]} Bxd6 {[%clk 0:38:27]} 42. Rxa5 {[%clk 0:52:31]} Ra7
{[%clk 0:38:21]} 43. Rxa7 {[%clk 0:52:54]} Rxa7 {[%clk 0:38:48]} 44. Rb6
{[%clk 0:53:07]} Bf8 {[%clk 0:36:33]} 45. Bc6 {[%clk 0:49:24]} Kf7
{[%clk 0:36:01]} 46. Rb8 {[%clk 0:49:15]} Bd6 {[%clk 0:35:31]} 47. Rh8
{[%clk 0:49:18]} Kg7 {[%clk 0:35:49]} 48. Rd8 {[%clk 0:49:26]} Be7
{[%clk 0:35:49]} 49. Rc8 {[%clk 0:43:39]} Bd6 {[%clk 0:36:10]} 50. Bb5
{[%clk 0:43:45]} Be7 {[%clk 0:35:11]} 51. Rc6 {[%clk 0:43:02]} Kf7
{[%clk 0:35:16]} 52. Ba6 {[%clk 0:42:53]} Bf8 {[%clk 0:34:08]} 53. Bc8
{[%clk 0:42:18]} Rxa4 {[%clk 0:33:32]} 54. Bxe6+ {[%clk 0:42:42]} Kg7
{[%clk 0:33:44]} 55. Bd5 {[%clk 0:43:11]} Be7 {[%clk 0:34:01]} 56. Be4
{[%clk 0:43:31]} g5 {[%clk 0:34:15]} 57. Rg6+ {[%clk 0:40:27]} Kf7
{[%clk 0:34:43]} 58. Rxh6 {[%clk 0:40:50]} gxh4 {[%clk 0:35:07]} 59. g4
{[%clk 0:40:57]} Bg5 {[%clk 0:35:11]} 60. Rh5 {[%clk 0:41:00]} Be7
{[%clk 0:35:23]} 61. Rh7+ {[%clk 0:39:32]} Kf8 {[%clk 0:35:36]} 62. Kg2
{[%clk 0:36:25]} Ra2 {[%clk 0:35:58]} 63. Rh5 {[%clk 0:36:47]} Rb2
{[%clk 0:35:47]} 64. Rf5+ {[%clk 0:37:08]} Kg7 {[%clk 0:35:53]} 65. Kh3
{[%clk 0:37:27]} Re2 {[%clk 0:32:54]} 66. g5 {[%clk 0:35:42]} Bd6
{[%clk 0:27:49]} 1-0

[Event "World Chess Olympiad 2018"]
[Site "Batumi"]
[Date "2018.10.03"]
[Round "9"]
[Board "4"]
[WhiteFideId "13001248"]
[White "Khin Than"]
[BlackFideId "15002314"]
[Black "Nikolovski Nikola"]
[Result "0-1"]
[LiveChessVersion "1.4.8"]
[BlackElo "2388"]
[WhiteElo "2200"]

1. d4 {[%clk 1:30:53]} e6 {[%clk 1:30:51]} 2. e4 {[%clk 1:31:17]} d5
{[%clk 1:31:12]} 3. Nd2 {[%clk 1:31:42]} Nf6 {[%clk 1:31:27]} 4. e5
{[%clk 1:32:07]} Nfd7 {[%clk 1:31:48]} 5. f4 {[%clk 1:32:35]} c5 {[%clk 1:30:12]}
6. c3 {[%clk 1:33:02]} Nc6 {[%clk 1:30:34]} 7. Ndf3 {[%clk 1:33:28]} cxd4
{[%clk 1:16:32]} 8. cxd4 {[%clk 1:33:55]} a5 {[%clk 1:16:53]} 9. Bd3
{[%clk 1:30:53]} a4 {[%clk 1:16:31]} 10. Ne2 {[%clk 1:30:51]} Nb6
{[%clk 1:07:25]} 11. O-O {[%clk 1:30:41]} a3 {[%clk 0:58:18]} 12. b3
{[%clk 1:24:37]} g6 {[%clk 0:52:19]} 13. Bd2 {[%clk 1:24:04]} Nb4
{[%clk 0:51:49]} 14. Bxb4 {[%clk 1:23:39]} Bxb4 {[%clk 0:52:09]} 15. Rc1
{[%clk 1:23:48]} Bd7 {[%clk 0:52:01]} 16. Nc3 {[%clk 1:22:13]} h5
{[%clk 0:44:45]} 17. Qe2 {[%clk 1:21:01]} Nc8 {[%clk 0:43:12]} 18. Bb5
{[%clk 1:07:11]} Na7 {[%clk 0:33:49]} 19. Bxd7+ {[%clk 1:06:39]} Kxd7
{[%clk 0:33:41]} 20. Nxd5 {[%clk 1:03:54]} exd5 {[%clk 0:30:33]} 21. e6+
{[%clk 1:03:04]} fxe6 {[%clk 0:15:03]} 22. Ne5+ {[%clk 1:03:18]} Ke8
{[%clk 0:14:54]} 23. Nxg6 {[%clk 1:03:44]} Qf6 {[%clk 0:14:48]} 24. Nxh8
{[%clk 1:04:06]} Kd7 {[%clk 0:11:06]} 25. Qc2 {[%clk 1:04:00]} Nc6
{[%clk 0:05:35]} 26. Qh7+ {[%clk 1:03:50]} Ne7 {[%clk 0:05:46]} 27. Nf7
{[%clk 1:03:38]} Qxd4+ {[%clk 0:05:50]} 28. Kh1 {[%clk 1:04:02]} Rg8
{[%clk 0:05:56]} 29. Ne5+ {[%clk 1:02:58]} Kd8 {[%clk 0:05:03]} 30. Qc2
{[%clk 1:02:42]} Qb6 {[%clk 0:04:37]} 31. f5 {[%clk 1:02:38]} exf5
{[%clk 0:04:21]} 32. Rxf5 {[%clk 1:02:56]} Ke8 {[%clk 0:03:13]} 33. Rf3
{[%clk 1:00:30]} Bd6 {[%clk 0:02:58]} 34. Qe2 {[%clk 0:57:39]} Qd4
{[%clk 0:02:54]} 35. Rc8+ {[%clk 0:57:52]} Nxc8 {[%clk 0:03:18]} 36. Nc6+
{[%clk 0:58:20]} Qe4 {[%clk 0:03:30]} 37. Re3 {[%clk 0:58:42]} bxc6
{[%clk 0:03:49]} 38. Rxe4+ {[%clk 0:58:28]} dxe4 {[%clk 0:04:14]} 39. Qxh5+
{[%clk 0:58:34]} Kd8 {[%clk 0:03:07]} 40. Qh4+ {[%clk 1:27:24]} Ne7
{[%clk 0:33:07]} 41. Qxe4 {[%clk 1:27:38]} Rf8 {[%clk 0:30:19]} 42. g3
{[%clk 1:27:12]} Nd5 {[%clk 0:29:01]} 43. Kg2 {[%clk 1:26:21]} Bc5
{[%clk 0:11:33]} 44. h4 {[%clk 1:24:51]} Rf2+ {[%clk 0:10:23]} 45. Kh3
{[%clk 1:24:00]} Rxa2 {[%clk 0:10:32]} 46. Qc4 {[%clk 1:22:52]} Bb4
{[%clk 0:09:27]} 47. Qxc6 {[%clk 1:22:09]} Rd2 {[%clk 0:09:49]} 48. Qa8+
{[%clk 1:21:09]} Kd7 {[%clk 0:10:04]} 49. Qb7+ {[%clk 1:21:00]} Kd6
{[%clk 0:08:48]} 50. Qb8+ {[%clk 1:20:03]} Kc5 {[%clk 0:06:20]} 51. Qf8+
{[%clk 1:17:14]} Kd4 {[%clk 0:05:37]} 52. Qg7+ {[%clk 1:17:01]} Kd3
{[%clk 0:05:20]} 53. Qg6+ {[%clk 1:15:05]} Kc3 {[%clk 0:05:18]} 54. h5
{[%clk 1:13:20]} a2 {[%clk 0:05:36]} 55. Qg7+ {[%clk 1:09:17]} Kxb3
{[%clk 0:05:35]} 56. h6 {[%clk 1:09:09]} Bc3 {[%clk 0:05:48]} 0-1

[Event "World Chess Olympiad 2018"]
[Site "Batumi"]
[Date "2018.10.03"]
[Round "9"]
[Board "1"]
[WhiteFideId "14114496"]
[White "Yarmonov Igor"]
[BlackFideId "2501430"]
[Black "Astaneh Lopez Alex"]
[Result "1/2-1/2"]
[LiveChessVersion "1.4.8"]
[BlackElo "2433"]
[WhiteElo "2376"]

1. d4 {[%clk 1:30:53]} d5 {[%clk 1:30:50]} 2. Nf3 {[%clk 1:31:12]} Bf5
{[%clk 1:31:17]} 3. Bf4 {[%clk 1:30:20]} e6 {[%clk 1:31:40]} 4. e3
{[%clk 1:30:27]} Bd6 {[%clk 1:30:16]} 5. Bd3 {[%clk 1:28:35]} Ne7
{[%clk 1:24:52]} 6. Bxd6 {[%clk 1:28:44]} Qxd6 {[%clk 1:24:43]} 7. O-O
{[%clk 1:29:05]} c5 {[%clk 1:23:50]} 8. dxc5 {[%clk 1:28:51]} Qxc5
{[%clk 1:24:16]} 9. Bxf5 {[%clk 1:24:25]} Nxf5 {[%clk 1:24:42]} 10. Nbd2
{[%clk 1:24:30]} O-O {[%clk 1:24:34]} 11. c3 {[%clk 1:23:52]} Nc6
{[%clk 1:22:44]} 12. e4 {[%clk 1:21:09]} dxe4 {[%clk 1:22:34]} 13. Nxe4
{[%clk 1:21:35]} Qc4 {[%clk 1:20:16]} 14. Ned2 {[%clk 1:21:09]} Qc5
{[%clk 1:20:02]} 15. Qe2 {[%clk 1:20:55]} Rad8 {[%clk 1:19:14]} 16. Nb3
{[%clk 1:15:56]} Qb6 {[%clk 1:19:26]} 17. Rad1 {[%clk 1:13:39]} h6
{[%clk 1:19:49]} 18. Ne5 {[%clk 1:12:46]} Nxe5 {[%clk 1:18:56]} 19. Qxe5
{[%clk 1:13:11]} f6 {[%clk 1:11:48]} 20. Qa5 {[%clk 1:13:00]} e5 {[%clk 1:12:09]}
21. Qa4 {[%clk 1:06:14]} Ne7 {[%clk 1:06:35]} 22. Qc4+ {[%clk 0:57:20]} Kh8
{[%clk 1:05:03]} 23. Qc5 {[%clk 0:47:14]} Rxd1 {[%clk 1:02:10]} 24. Rxd1
{[%clk 0:46:56]} Rd8 {[%clk 1:02:37]} 25. Rxd8+ {[%clk 0:47:22]} Qxd8
{[%clk 1:03:01]} 26. h3 {[%clk 0:45:35]} b6 {[%clk 1:03:27]} 27. Qe3
{[%clk 0:45:31]} Nd5 {[%clk 1:03:15]} 28. Qd3 {[%clk 0:44:27]} Qg8
{[%clk 1:03:30]} 29. g3 {[%clk 0:42:58]} Qe6 {[%clk 1:03:33]} 30. Qc4
{[%clk 0:33:24]} f5 {[%clk 0:57:04]} 31. Nd2 {[%clk 0:28:56]} e4 {[%clk 0:56:41]}
32. Qd4 {[%clk 0:26:10]} Ne7 {[%clk 0:56:11]} 33. Qc4 {[%clk 0:22:54]} Nd5
{[%clk 0:53:39]} 34. Nf1 {[%clk 0:20:36]} Nf4 {[%clk 0:48:17]} 35. Qxe6
{[%clk 0:19:55]} Nxe6 {[%clk 0:48:45]} 36. Ne3 {[%clk 0:18:52]} g6
{[%clk 0:49:08]} 37. h4 {[%clk 0:16:09]} Kg7 {[%clk 0:48:15]} 38. Nd5
{[%clk 0:12:24]} Kf7 {[%clk 0:46:17]} 39. b4 {[%clk 0:10:40]} g5 {[%clk 0:43:39]}
40. hxg5 {[%clk 0:41:07]} hxg5 {[%clk 1:13:57]} 41. a4 {[%clk 0:41:09]} Nd8
{[%clk 1:12:03]} 42. Kf1 {[%clk 0:36:16]} Ke6 {[%clk 1:11:57]} 43. Nc7+
{[%clk 0:35:39]} Ke5 {[%clk 1:12:23]} 44. Ke2 {[%clk 0:32:45]} Ne6
{[%clk 1:06:34]} 45. Nb5 {[%clk 0:31:08]} a6 {[%clk 1:03:04]} 46. Na7
{[%clk 0:28:12]} Nc7 {[%clk 1:01:22]} 47. Kd2 {[%clk 0:18:54]} b5
{[%clk 0:58:30]} 48. Nc6+ {[%clk 0:18:17]} Kd5 {[%clk 0:57:28]} 49. axb5
{[%clk 0:18:39]} axb5 {[%clk 0:57:49]} 50. Ne7+ {[%clk 0:18:08]} Ke6
{[%clk 0:57:36]} 51. Nc6 {[%clk 0:17:40]} f4 {[%clk 0:57:26]} 52. gxf4
{[%clk 0:18:04]} gxf4 {[%clk 0:57:54]} 53. Nd4+ {[%clk 0:17:30]} Kd5
{[%clk 0:57:47]} 54. Nf5 {[%clk 0:17:12]} Ne8 {[%clk 0:56:30]} 55. Ne7+
{[%clk 0:16:14]} Ke6 {[%clk 0:55:02]} 56. Ng6 {[%clk 0:14:08]} Kf5
{[%clk 0:55:20]} 57. Ne7+ {[%clk 0:13:54]} Kg4 {[%clk 0:52:19]} 58. Ke2
{[%clk 0:12:46]} Nf6 {[%clk 0:49:46]} 59. Nc6 {[%clk 0:12:05]} Nd5
{[%clk 0:50:05]} 60. c4 {[%clk 0:08:04]} f3+ {[%clk 0:48:21]} 61. Kf1
{[%clk 0:06:59]} bxc4 {[%clk 0:48:34]} 62. Ne5+ {[%clk 0:07:27]} Kf4
{[%clk 0:48:45]} 63. Nxc4 {[%clk 0:07:44]} Nxb4 {[%clk 0:49:13]} 64. Ke1
{[%clk 0:07:22]} Nd3+ {[%clk 0:48:35]} 65. Kf1 {[%clk 0:07:49]} Ne5
{[%clk 0:48:54]} 66. Ne3 {[%clk 0:07:37]} Ng4 {[%clk 0:49:20]} 67. Nc4
{[%clk 0:06:18]} Kf5 {[%clk 0:49:46]} 68. Ke1 {[%clk 0:05:22]} Ke6
{[%clk 0:50:06]} 69. Nd2 {[%clk 0:03:00]} Kd5 {[%clk 0:50:24]} 70. Nb3
{[%clk 0:03:24]} Kc4 {[%clk 0:50:47]} 71. Na5+ {[%clk 0:03:22]} Kc3
{[%clk 0:46:01]} 72. Nb7 {[%clk 0:03:37]} Ne5 {[%clk 0:42:41]} 73. Nd6
{[%clk 0:03:42]} Nd3+ {[%clk 0:43:07]} 74. Kf1 {[%clk 0:04:06]} Nc5
{[%clk 0:43:34]} 75. Ke1 {[%clk 0:03:37]} Kc2 {[%clk 0:43:49]} 76. Nc4
{[%clk 0:03:40]} Nd3+ {[%clk 0:44:16]} 77. Kf1 {[%clk 0:04:08]} Nb2
{[%clk 0:44:14]} 78. Nd6 {[%clk 0:04:04]} Kd3 {[%clk 0:44:35]} 79. Ke1
{[%clk 0:04:26]} Nc4 {[%clk 0:44:07]} 80. Nf5 {[%clk 0:04:53]} Na3
{[%clk 0:44:25]} 81. Nd6 {[%clk 0:04:47]} Nc2+ {[%clk 0:43:19]} 82. Kf1
{[%clk 0:04:57]} Kd4 {[%clk 0:43:26]} 83. Nb5+ {[%clk 0:05:02]} Kc4
{[%clk 0:42:23]} 84. Nd6+ {[%clk 0:04:57]} Kd3 {[%clk 0:42:03]} 85. Nf5
{[%clk 0:05:04]} Nd4 {[%clk 0:41:40]} 86. Ne3 {[%clk 0:05:08]} Ne6
{[%clk 0:42:02]} 87. Ke1 {[%clk 0:04:58]} Nf4 {[%clk 0:42:28]} 88. Kf1
{[%clk 0:05:26]} Kc3 {[%clk 0:42:12]} 89. Nd1+ {[%clk 0:05:05]} Kc2
{[%clk 0:42:37]} 90. Ne3+ {[%clk 0:04:58]} Kd3 {[%clk 0:37:35]} 91. Nf5
{[%clk 0:04:55]} Nd5 {[%clk 0:37:42]} 92. Ke1 {[%clk 0:04:52]} Nb4
{[%clk 0:37:33]} 93. Nd6 {[%clk 0:04:56]} Nc6 {[%clk 0:37:57]} 94. Nf5
{[%clk 0:04:41]} Ne5 {[%clk 0:38:25]} 95. Ne3 {[%clk 0:04:40]} Kd4
{[%clk 0:38:49]} 96. Nf5+ {[%clk 0:04:42]} Kc3 {[%clk 0:39:17]} 97. Nd6
{[%clk 0:04:30]} Nd3+ {[%clk 0:39:26]} 98. Kf1 {[%clk 0:04:55]} Nc5
{[%clk 0:39:54]} 99. Ke1 {[%clk 0:04:30]} Kc2 {[%clk 0:40:20]} 100. Nc4
{[%clk 0:04:48]} Nd3+ {[%clk 0:40:19]} 101. Kf1 {[%clk 0:05:15]} Kd1
{[%clk 0:40:07]} 102. Ne3+ {[%clk 0:05:35]} Kd2 {[%clk 0:39:59]} 103. Nc4+
{[%clk 0:05:35]} Kc3 {[%clk 0:40:00]} 104. Nd6 {[%clk 0:05:24]} Kd4
{[%clk 0:40:11]} 105. Nf5+ {[%clk 0:05:45]} Ke5 {[%clk 0:40:39]} 106. Ne3
{[%clk 0:05:37]} Nb2 {[%clk 0:40:44]} 107. Ke1 {[%clk 0:05:51]} Kf4
{[%clk 0:41:10]} 108. Kf1 {[%clk 0:05:41]} Kg5 {[%clk 0:40:51]} 109. Kg1
{[%clk 0:05:36]} Kh4 {[%clk 0:41:18]} 110. Kf1 {[%clk 0:05:09]} Kh3
{[%clk 0:41:44]} 111. Kg1 {[%clk 0:05:03]} Nd3 {[%clk 0:41:36]} 112. Kf1
{[%clk 0:05:23]} Ne5 {[%clk 0:41:27]} 113. Kg1 {[%clk 0:05:30]} Nd7
{[%clk 0:41:42]} 114. Kf1 {[%clk 0:05:27]} Nc5 {[%clk 0:42:11]} 115. Kg1
{[%clk 0:05:12]} Nd7 {[%clk 0:42:27]} 1/2-1/2

[Event "World Chess Olympiad 2018"]
[Site "Batumi"]
[Date "2018.10.03"]
[Round "9"]
[Board "3"]
[WhiteFideId "24194662"]
[White "Tersinsev Andrey"]
[BlackFideId "628859"]
[Black "Jessel Stephen"]
[Result "1-0"]
[LiveChessVersion "1.4.8"]
[BlackElo "2317"]
[WhiteElo "2194"]

1. d4 {[%clk 1:30:53]} b6 {[%clk 1:30:32]} 2. e4 {[%clk 1:31:11]} Bb7
{[%clk 1:30:48]} 3. Bd3 {[%clk 1:31:26]} e6 {[%clk 1:31:03]} 4. Nf3
{[%clk 1:31:43]} d6 {[%clk 1:31:13]} 5. O-O {[%clk 1:31:42]} Nd7 {[%clk 1:31:29]}
6. c4 {[%clk 1:26:53]} g6 {[%clk 1:31:09]} 7. Nc3 {[%clk 1:22:58]} Bg7
{[%clk 1:30:50]} 8. Bg5 {[%clk 1:21:57]} Ne7 {[%clk 1:31:00]} 9. Qd2
{[%clk 1:19:51]} h6 {[%clk 1:30:25]} 10. Be3 {[%clk 1:19:29]} g5 {[%clk 1:27:29]}
11. Qe2 {[%clk 1:13:40]} a6 {[%clk 1:21:03]} 12. Rad1 {[%clk 1:10:42]} Kf8
{[%clk 1:14:04]} 13. Bc2 {[%clk 1:06:17]} Kg8 {[%clk 1:02:47]} 14. h4
{[%clk 1:02:37]} g4 {[%clk 0:50:23]} 15. Ne1 {[%clk 1:02:55]} h5 {[%clk 0:50:02]}
16. g3 {[%clk 0:58:42]} e5 {[%clk 0:45:19]} 17. f4 {[%clk 0:52:37]} gxf3
{[%clk 0:37:22]} 18. Qxf3 {[%clk 0:51:54]} Qf8 {[%clk 0:36:08]} 19. Nd5
{[%clk 0:41:55]} Ng6 {[%clk 0:26:16]} 20. Qf5 {[%clk 0:33:18]} Bc8
{[%clk 0:16:57]} 21. Nxc7 {[%clk 0:31:31]} exd4 {[%clk 0:11:26]} 22. Bxd4
{[%clk 0:23:03]} Nde5 {[%clk 0:10:11]} 23. Qf2 {[%clk 0:23:12]} Bg4
{[%clk 0:06:22]} 24. Nxa8 {[%clk 0:22:50]} Bxd1 {[%clk 0:04:57]} 25. Bxd1
{[%clk 0:23:15]} Qxa8 {[%clk 0:04:46]} 26. Bb3 {[%clk 0:23:03]} Qxe4
{[%clk 0:03:26]} 27. c5 {[%clk 0:22:35]} bxc5 {[%clk 0:02:08]} 28. Bxf7+
{[%clk 0:22:49]} Kh7 {[%clk 0:02:29]} 29. Bxe5 {[%clk 0:22:41]} Nxe5
{[%clk 0:01:39]} 30. Bb3 {[%clk 0:22:16]} Nd3 {[%clk 0:00:33]} 31. Qf7
{[%clk 0:20:08]} Nxe1 {[%clk 0:00:38]} 32. Qxh5+ {[%clk 0:20:23]} Bh6
{[%clk 0:00:48]} 33. Rf7+ {[%clk 0:20:34]} Kg8 {[%clk 0:01:04]} 34. Re7+
{[%clk 0:20:49]} c4 {[%clk 0:00:55]} 35. Qf7# {[%clk 0:21:07]} 1-0

[Event "World Chess Olympiad 2018"]
[Site "Batumi"]
[Date "2018.10.03"]
[Round "9"]
[Board "4"]
[WhiteFideId "2501961"]
[White "Fitzsimons David"]
[BlackFideId "14511444"]
[Black "Glazar Domagoj"]
[Result "1/2-1/2"]
[LiveChessVersion "1.4.8"]
[BlackElo "2145"]
[WhiteElo "2316"]

1. e4 {[%clk 1:30:57]} e5 {[%clk 1:30:46]} 2. Nf3 {[%clk 1:31:22]} Nf6
{[%clk 1:31:04]} 3. Nxe5 {[%clk 1:31:35]} d6 {[%clk 1:31:21]} 4. Nf3
{[%clk 1:32:00]} Nxe4 {[%clk 1:31:38]} 5. d4 {[%clk 1:32:19]} d5 {[%clk 1:31:56]}
6. Bd3 {[%clk 1:32:45]} Nc6 {[%clk 1:31:35]} 7. O-O {[%clk 1:32:59]} Be7
{[%clk 1:31:07]} 8. Nbd2 {[%clk 1:33:11]} Bf5 {[%clk 1:27:13]} 9. Re1
{[%clk 1:33:37]} Nxd2 {[%clk 1:25:24]} 10. Qxd2 {[%clk 1:27:35]} Bxd3
{[%clk 1:25:19]} 11. Qxd3 {[%clk 1:27:54]} O-O {[%clk 1:25:16]} 12. Bf4
{[%clk 1:28:07]} Bd6 {[%clk 1:22:55]} 13. Ng5 {[%clk 1:25:45]} g6
{[%clk 1:22:46]} 14. Qh3 {[%clk 1:25:52]} h5 {[%clk 1:22:44]} 15. Bxd6
{[%clk 1:25:52]} Qxd6 {[%clk 1:22:48]} 16. c3 {[%clk 1:25:58]} Rae8
{[%clk 1:18:38]} 17. Qd3 {[%clk 1:15:41]} a6 {[%clk 1:14:29]} 18. Nf3
{[%clk 1:12:04]} Kg7 {[%clk 1:11:45]} 19. Re2 {[%clk 1:09:32]} Rxe2
{[%clk 1:11:09]} 20. Qxe2 {[%clk 1:10:00]} Qe7 {[%clk 1:10:39]} 21. Qc2
{[%clk 1:09:29]} Qd7 {[%clk 1:06:30]} 22. Qb3 {[%clk 1:09:36]} Na5
{[%clk 1:05:55]} 23. Qb4 {[%clk 1:08:51]} Qb5 {[%clk 1:05:32]} 24. Qxb5
{[%clk 1:08:33]} axb5 {[%clk 1:05:51]} 25. Re1 {[%clk 1:08:56]} f6
{[%clk 1:02:23]} 26. Kf1 {[%clk 0:59:58]} Kf7 {[%clk 1:00:19]} 27. Ke2
{[%clk 0:59:20]} Nc4 {[%clk 0:59:23]} 28. b3 {[%clk 0:55:27]} Nd6
{[%clk 0:58:52]} 29. Kd3 {[%clk 0:55:32]} Ra8 {[%clk 0:55:22]} 30. Re2
{[%clk 0:55:28]} b6 {[%clk 0:50:24]} 31. Ne1 {[%clk 0:51:40]} Nf5
{[%clk 0:47:50]} 32. Rb2 {[%clk 0:47:09]} Ke6 {[%clk 0:45:39]} 33. Kd2
{[%clk 0:46:09]} Kd6 {[%clk 0:44:38]} 34. Nd3 {[%clk 0:45:55]} g5
{[%clk 0:43:04]} 35. h3 {[%clk 0:40:03]} Nh4 {[%clk 0:41:43]} 36. Ne1
{[%clk 0:39:30]} Re8 {[%clk 0:40:38]} 37. g3 {[%clk 0:39:27]} Ng6
{[%clk 0:39:23]} 38. Ng2 {[%clk 0:36:03]} Rh8 {[%clk 0:32:29]} 39. Ke3
{[%clk 0:28:59]} h4 {[%clk 0:31:42]} 40. g4 {[%clk 0:57:55]} Re8+
{[%clk 1:01:30]} 41. Kf3 {[%clk 0:53:58]} Re4 {[%clk 0:59:30]} 42. Re2
{[%clk 0:53:39]} Nf4 {[%clk 0:55:57]} 43. Nxf4 {[%clk 0:53:51]} Rxf4+
{[%clk 0:56:19]} 44. Ke3 {[%clk 0:54:08]} c5 {[%clk 0:52:11]} 45. b4
{[%clk 0:51:04]} f5 {[%clk 0:50:39]} 46. f3 {[%clk 0:51:06]} fxg4
{[%clk 0:50:10]} 47. fxg4 {[%clk 0:50:54]} Rf1 {[%clk 0:49:06]} 48. Rh2
{[%clk 0:50:19]} Rc1 {[%clk 0:43:05]} 49. Kd2 {[%clk 0:39:20]} Ra1
{[%clk 0:42:28]} 50. Re2 {[%clk 0:28:48]} cxb4 {[%clk 0:38:54]} 51. cxb4
{[%clk 0:21:37]} Rxa2+ {[%clk 0:39:00]} 52. Kd3 {[%clk 0:21:50]} Ra3+
{[%clk 0:38:06]} 53. Kc2 {[%clk 0:22:18]} Rxh3 {[%clk 0:37:44]} 54. Re5
{[%clk 0:22:37]} Rg3 {[%clk 0:37:04]} 55. Rxg5 {[%clk 0:23:05]} h3
{[%clk 0:36:51]} 56. Rg6+ {[%clk 0:22:17]} Ke7 {[%clk 0:36:10]} 57. Rxb6
{[%clk 0:21:15]} Rxg4 {[%clk 0:34:57]} 58. Rh6 {[%clk 0:21:38]} Rg2+
{[%clk 0:33:05]} 59. Kd3 {[%clk 0:21:23]} h2 {[%clk 0:33:08]} 60. Ke3
{[%clk 0:21:16]} Kf7 {[%clk 0:32:04]} 61. Kf3 {[%clk 0:19:22]} Rd2
{[%clk 0:30:29]} 62. Ke3 {[%clk 0:19:24]} Rb2 {[%clk 0:28:53]} 63. Kf4
{[%clk 0:19:39]} Kg7 {[%clk 0:28:07]} 64. Rh3 {[%clk 0:19:59]} Re2
{[%clk 0:26:16]} 65. Kf5 {[%clk 0:19:14]} Re4 {[%clk 0:23:05]} 66. Rxh2
{[%clk 0:19:32]} Rxd4 {[%clk 0:23:01]} 67. Ke5 {[%clk 0:19:59]} 1/2-1/2

[Event "World Chess Olympiad 2018"]
[Site "Batumi"]
[Date "2018.10.03"]
[Round "9"]
[Board "1"]
[WhiteFideId "4101898"]
[White "Babarykin Stanislav"]
[BlackFideId "2107139"]
[Black "Fier Alexandr"]
[Result "1/2-1/2"]
[LiveChessVersion "1.4.8"]
[BlackElo "2558"]
[WhiteElo "2396"]

1. d4 {[%clk 1:30:58]} Nf6 {[%clk 1:30:55]} 2. Bf4 {[%clk 1:31:13]} d5
{[%clk 1:31:19]} 3. e3 {[%clk 1:31:28]} e6 {[%clk 1:31:44]} 4. Nd2
{[%clk 1:31:49]} Bd6 {[%clk 1:32:09]} 5. Bg3 {[%clk 1:32:11]} O-O
{[%clk 1:32:32]} 6. Ngf3 {[%clk 1:31:23]} b6 {[%clk 1:32:55]} 7. Bd3
{[%clk 1:21:46]} Bb7 {[%clk 1:32:55]} 8. c4 {[%clk 1:21:21]} dxc4
{[%clk 1:29:26]} 9. Bxd6 {[%clk 1:14:50]} Qxd6 {[%clk 1:29:31]} 10. Nxc4
{[%clk 1:14:57]} Qb4+ {[%clk 1:28:36]} 11. Qd2 {[%clk 1:14:34]} Qe7
{[%clk 1:28:57]} 12. Nce5 {[%clk 1:14:12]} Nbd7 {[%clk 1:25:43]} 13. O-O
{[%clk 1:04:37]} c5 {[%clk 1:26:01]} 14. Nxd7 {[%clk 1:04:07]} Nxd7
{[%clk 1:25:38]} 15. Qe2 {[%clk 1:04:25]} e5 {[%clk 1:25:24]} 16. Nxe5
{[%clk 1:03:07]} Nxe5 {[%clk 1:25:47]} 17. dxe5 {[%clk 1:03:28]} Qxe5
{[%clk 1:26:14]} 18. Rad1 {[%clk 0:59:02]} Rad8 {[%clk 1:23:25]} 19. Bc4
{[%clk 0:58:53]} g6 {[%clk 1:23:43]} 20. b3 {[%clk 0:56:33]} Kg7 {[%clk 1:21:24]}
21. Rd3 {[%clk 0:52:42]} Rxd3 {[%clk 1:17:52]} 22. Qxd3 {[%clk 0:53:10]} Qg5
{[%clk 1:18:17]} 23. Qc3+ {[%clk 0:41:05]} Kg8 {[%clk 1:18:31]} 24. f3
{[%clk 0:41:27]} Re8 {[%clk 1:18:42]} 25. Kf2 {[%clk 0:39:03]} Qh4+
{[%clk 1:17:48]} 26. Kg1 {[%clk 0:39:16]} Qe7 {[%clk 1:18:15]} 27. Rd1
{[%clk 0:39:27]} Bc6 {[%clk 1:17:03]} 28. e4 {[%clk 0:37:25]} Rd8
{[%clk 1:16:24]} 29. Rxd8+ {[%clk 0:34:29]} Qxd8 {[%clk 1:14:28]} 30. Qe5
{[%clk 0:34:47]} Qd1+ {[%clk 1:09:32]} 31. Kf2 {[%clk 0:35:15]} Qd2+
{[%clk 1:09:58]} 32. Kf1 {[%clk 0:34:50]} Qd1+ {[%clk 1:02:57]} 33. Kf2
{[%clk 0:35:18]} Qd2+ {[%clk 0:59:37]} 34. Kg3 {[%clk 0:26:28]} Qe1+
{[%clk 0:58:22]} 35. Kf4 {[%clk 0:26:57]} Qd2+ {[%clk 0:56:27]} 36. Kg3
{[%clk 0:27:15]} Qe1+ {[%clk 0:56:54]} 37. Kf4 {[%clk 0:27:33]} Qd2+
{[%clk 0:51:12]} 38. Kg3 {[%clk 0:27:51]} 1/2-1/2